Normal view
MARC view
Entry Personal Name
001 - CONTROL NUMBER
- control field: 51250
003 - CONTROL NUMBER IDENTIFIER
- control field: ARRUPE
005 - DATE AND TIME OF LATEST TRANSACTION
- control field: 20220407084501.0
008 - FIXED-LENGTH DATA ELEMENTS
- fixed length control field: 220407|| aca||aabn | a|a d
040 ## - CATALOGING SOURCE
- Original cataloging agency: ARRUPE
- Transcribing agency: ARRUPE
100 ## - HEADING--PERSONAL NAME
- Personal name: Tarrant, Harold
670 ## - SOURCE DATA FOUND
- Source citation: Work cat.: (ARRUPE)131268: Tarrant, Harold., Plato's first interpreters /, 2000.